Elon Musk muž, který nezná hranic

Salvato in:
Dettagli Bibliografici
Autore principale: Lascar, Olivier
Natura: Libro
Lingua:ceco
Pubblicazione: Praha DOBROVSKÝ 2023
Soggetti:
Tags: Aggiungi Tag
Nessun Tag, puoi essere il primo ad aggiungerne!!

MARC

LEADER 00000nam a2200000 4500
001 0305168
005 20250102151932.4
020 |a 978-80-277-2065-1 
041 0 |a cze 
044 |a CZ 
245 1 0 |a Elon Musk  |b muž, který nezná hranic  |c Olivier Lascar 
264 1 |a Praha  |b DOBROVSKÝ  |c 2023 
300 |a 221 s. 
610 2 0 |a podnikatelia 
610 2 0 |a osobnosť 
610 2 0 |a životopisy 
610 2 0 |a veda 
610 2 0 |a vesmír 
610 2 0 |a doprava 
610 2 0 |a medicína 
610 2 0 |a mena virtuálna 
610 2 0 |a neuroveda 
100 1 |a Lascar, Olivier